The maritime engineering reference book : (Record no. 27453)

000 -LEADER
fixed length control field 04272cam a2200469 a 4500
001 - CONTROL NUMBER
control field ocn281599095
003 - CONTROL NUMBER IDENTIFIER
control field OCoLC
005 - DATE AND TIME OF LATEST TRANSACTION
control field 20240801165021.0
006 - FIXED-LENGTH DATA ELEMENTS--ADDITIONAL MATERIAL CHARACTERISTICS
fixed length control field m o d
007 - PHYSICAL DESCRIPTION FIXED FIELD--GENERAL INFORMATION
fixed length control field cr cn|||||||||
008 - FIXED-LENGTH DATA ELEMENTS--GENERAL INFORMATION
fixed length control field 081212s2008 ne ae ob 001 0 eng d
020 ## - INTERNATIONAL STANDARD BOOK NUMBER
International Standard Book Number 9780750689878
International Standard Book Number 0750689870
International Standard Book Number 9780080560090
Qualifying information (electronic bk.)
International Standard Book Number 0080560091
Qualifying information (electronic bk.)
035 ## - SYSTEM CONTROL NUMBER
System control number (OCoLC)281599095
Canceled/invalid control number (OCoLC)316065376
-- (OCoLC)427511368
-- (OCoLC)646774046
-- (OCoLC)972505915
-- (OCoLC)984776360
-- (OCoLC)992094634
-- (OCoLC)1037691553
-- (OCoLC)1038666842
-- (OCoLC)1055384089
-- (OCoLC)1076306488
-- (OCoLC)1081257468
-- (OCoLC)1103261320
-- (OCoLC)1129345158
-- (OCoLC)1152980521
-- (OCoLC)1192348314
-- (OCoLC)1228544078
-- (OCoLC)1240508831
040 ## - CATALOGING SOURCE
Original cataloging agency OPELS
Language of cataloging eng
Description conventions pn
Transcribing agency OPELS
Modifying agency OPELS
-- OCLCQ
-- OCLCF
-- N$T
-- E7B
-- B24X7
-- KNOVL
-- EBLCP
-- ZCU
-- COO
-- KNOVL
-- YDXCP
-- DEBSZ
-- NNO
-- OCLCQ
-- STF
-- ICA
-- MERUC
-- OCLCQ
-- COCUF
-- LOA
-- K6U
-- CNNOR
-- OCLCQ
-- PIFAG
-- FVL
-- OCLCQ
-- D6H
-- WRM
-- VTS
-- RRP
-- ICG
-- VT2
-- OCLCQ
-- A6Q
-- MERER
-- LEAUB
-- OCLCQ
-- DKC
-- OCLCQ
-- OL$
-- OCLCQ
-- EYM
-- OCLCO
-- OCLCQ
-- OCLCO
050 #4 - LIBRARY OF CONGRESS CALL NUMBER
Classification number VM145
Item number .M38 2008eb
072 #7 - SUBJECT CATEGORY CODE
Subject category code TRA
Subject category code subdivision 006020
Source bisacsh
Subject category code TEC
Subject category code subdivision 060000
Source bisacsh
082 04 - DEWEY DECIMAL CLASSIFICATION NUMBER
Classification number 623.81
Edition number 22
245 04 - TITLE STATEMENT
Title The maritime engineering reference book :
Remainder of title a guide to ship design, construction and operation /
Statement of responsibility, etc. edited by Anthony F. Molland.
260 ## - PUBLICATION, DISTRIBUTION, ETC.
Place of publication, distribution, etc. Amsterdam ;
-- Boston ;
-- London :
Name of publisher, distributor, etc. Butterworth-Heinemann,
Date of publication, distribution, etc. �2008.
300 ## - PHYSICAL DESCRIPTION
Extent 1 online resource (xviii, 902 pages) :
Other physical details illustrations, plans
336 ## - CONTENT TYPE
Content type term text
Content type code txt
Source rdacontent
337 ## - MEDIA TYPE
Media type term computer
Media type code c
Source rdamedia
338 ## - CARRIER TYPE
Carrier type term online resource
Carrier type code cr
Source rdacarrier
504 ## - BIBLIOGRAPHY, ETC. NOTE
Bibliography, etc. note Includes bibliographical references and index.
505 0# - FORMATTED CONTENTS NOTE
Formatted contents note The marine environment -- Marine vehicle types -- Flotation and stability -- Ship structures -- Powering -- Marine engines and auxiliary machinery -- Seakeeping -- Manoeuvring -- Ship design, construction and operation -- Underwater vehicles -- Marine safety -- Glossary of terms and definitions.
520 ## - SUMMARY, ETC.
Summary, etc. The Maritime Engineering Reference Book is a one-stop source for engineers involved in marine engineering and naval architecture. In this essential reference, Anthony F. Molland has brought together the work of a number of the world's leading writers in the field to create an inclusive volume for a wide audience of marine engineers, naval architects and those involved in marine operations, insurance and other related fields. Coverage ranges from the basics to more advanced topics in ship design, construction and operation. All the key areas are covered, including ship flotation and stability, ship structures, propulsion, seakeeping and maneuvering. The marine environment and maritime safety are explored as well as new technologies, such as computer aided ship design and remotely operated vehicles (ROVs). Facts, figures and data from world-leading experts makes this an invaluable ready-reference for those involved in the field of maritime engineering. Professor A.F. Molland, BSc, MSc, PhD, CEng, FRINA. is Emeritus Professor of Ship Design at the University of Southampton, UK. He has lectured ship design and operation for many years. He has carried out extensive research and published widely on ship design and various aspects of ship hydrodynamics. * A comprehensive overview from best-selling authors including Bryan Barrass, Rawson and Tupper, and David Eyres * Covers basic and advanced material on marine engineering and Naval Architecture topics * Have key facts, figures and data to hand in one complete reference book.
588 0# - SOURCE OF DESCRIPTION NOTE
Source of description note Print version record.
650 #0 - SUBJECT ADDED ENTRY--TOPICAL TERM
Topical term or geographic name entry element Naval architecture.
Topical term or geographic name entry element Architecture navale.
Authority record control number or standard number (CaQQLa)201-0019688
Topical term or geographic name entry element naval architecture.
Source of heading or term aat
Authority record control number or standard number (CStmoGRI)aat300054159
Topical term or geographic name entry element TRANSPORTATION
General subdivision Ships & Shipbuilding
-- Pictorial.
Source of heading or term bisacsh
Topical term or geographic name entry element TECHNOLOGY & ENGINEERING
General subdivision Marine & Naval.
Source of heading or term bisacsh
Topical term or geographic name entry element Naval architecture
Source of heading or term fast
Authority record control number or standard number (OCoLC)fst01034917
700 1# - ADDED ENTRY--PERSONAL NAME
Personal name Molland, Anthony F.
776 08 - ADDITIONAL PHYSICAL FORM ENTRY
Relationship information Print version:
Title Maritime engineering reference book.
Place, publisher, and date of publication Amsterdam ; Boston ; London : Butterworth-Heinemann, �2008
International Standard Book Number 9780750689878
-- 0750689870
Record control number (OCoLC)213839547
856 40 - ELECTRONIC LOCATION AND ACCESS
Materials specified ScienceDirect
Uniform Resource Identifier <a href="https://www.sciencedirect.com/science/book/9780750689878">https://www.sciencedirect.com/science/book/9780750689878</a>
942 ## - ADDED ENTRY ELEMENTS (KOHA)
Source of classification or shelving scheme
Koha item type E-Book

No items available.

Designed and Maintained by IMU-KC Library, Kolkata Campus © Copyright All Rights Reserved

webs counters

Powered by Koha